Library of the University of Algiers 3
Ibrahim Sultan Cheibout
شعار جامعة الجزائر 3
مكتبة جامعة الجزائر 3
إبراهيم سلطان شيبوط

نظرية الانفاق في ضوء القرآن الكريم : (رقم التسجيلة. 43722)

تفاصيل مارك
000 -LEADER
fixed length control field 01861nam a2200229Ia 4500
003 - CONTROL NUMBER IDENTIFIER
control field Ost
005 - DATE AND TIME OF LATEST TRANSACTION
control field 20260507075254.0
008 - FIXED-LENGTH DATA ELEMENTS--GENERAL INFORMATION
fixed length control field 260507s9999||||xx |||||||||||||| ||und||
040 ## - CATALOGING SOURCE
Transcribing agency fsecg
041 ## - LANGUAGE CODE
Language code of text/sound track or separate title ara
082 ## - DEWEY DECIMAL CLASSIFICATION NUMBER
Classification number 330
100 ## - MAIN ENTRY--PERSONAL NAME
Personal name عامر، باسم احمد
Relator term مؤلف
245 #0 - TITLE STATEMENT
Title نظرية الانفاق في ضوء القرآن الكريم :
Remainder of title رؤية اقتصادية /
Statement of responsibility, etc. باسم احمد عامر
260 ## - PUBLICATION, DISTRIBUTION, ETC.
Place of publication, distribution, etc. عمان:
Name of publisher, distributor, etc. دار النفائس,
Date of publication, distribution, etc. 2010
300 ## - PHYSICAL DESCRIPTION
Extent 240 صفحة؛
Dimensions 24 سم
504 ## - BIBLIOGRAPHY, ETC. NOTE
Bibliography, etc. note مراجع ص.217
520 ## - SUMMARY, ETC.
Summary, etc. 1) نظرية الانفاق : مفهوم نظرية الانفاق و أركانها ، أهمية الانفاق في القرآن و دوره في الحياة الاقتصادية ، الانفاق في الفكر الوضعي ، 2) أنواع الانفاق و دلالاتها الاقتصادية في القرآن الكريم : الانفاق المحمود و المذموم و الانفاق العام و اللخاص و الانفاق الاجتماعي في القرآن الكريم ، 3)أثر الانفاق في ضوء القرآن الكريم على النشاط الاقتصادي : الانفاق و الاستهلاك ، الانفاق و الاستتثمار ، الانفاق و تخصيص الموارد ، الانفاق و الطبقات الاجتماعية و الانفاق و التنمية الاقتصادية 4) مظاهر التوازن في الانفاق في ضوء القرآن الكريم : الانفاق بين الاسراف و التقتير ، الانفاق بين الفرد و الجماعة ، الانفاق بين الدنيا و الآخرة و الانفاق بين السر و العلانية .
653 ## - INDEX TERM--UNCONTROLLED
Uncontrolled term الإقتصاد الإسلامي
653 ## - INDEX TERM--UNCONTROLLED
Uncontrolled term المالية العامة
653 ## - INDEX TERM--UNCONTROLLED
Uncontrolled term النفقة
942 ## - ADDED ENTRY ELEMENTS (KOHA)
Koha item type كتب
المقتنيات
Withdrawn status Lost status Source of classification or shelving scheme Damaged status Not for loan Home library Current library Date acquired Serial enumeration / chronology Inventory number Total checkouts Full call number Barcode Date last seen Price effective from Koha item type
    Dewey Decimal Classification   NOT LOAN / إعارة داخلية مكتبة كلية العلوم الإقتصادية والعلوم التجارية وعلوم التسيير مكتبة كلية العلوم الإقتصادية والعلوم التجارية وعلوم التسيير 07/05/2026 الطابق الأرضي 18212   أ/3747ن1 18212 07/05/2026 07/05/2026 كتب
    Dewey Decimal Classification   Available مكتبة كلية العلوم الإقتصادية والعلوم التجارية وعلوم التسيير مكتبة كلية العلوم الإقتصادية والعلوم التجارية وعلوم التسيير 07/05/2026 الطابق الأرضي 18213   أ/3747ن2 18213 07/05/2026 07/05/2026 كتب
    Dewey Decimal Classification   Available مكتبة كلية العلوم الإقتصادية والعلوم التجارية وعلوم التسيير مكتبة كلية العلوم الإقتصادية والعلوم التجارية وعلوم التسيير 07/05/2026 الطابق الثاني 18214   أ/3747ن3 18214 07/05/2026 07/05/2026 كتب
    Dewey Decimal Classification   Available مكتبة كلية العلوم الإقتصادية والعلوم التجارية وعلوم التسيير مكتبة كلية العلوم الإقتصادية والعلوم التجارية وعلوم التسيير 07/05/2026 الطابق الثاني 18215   أ/3747ن4 18215 07/05/2026 07/05/2026 كتب
    Dewey Decimal Classification   Available مكتبة كلية العلوم الإقتصادية والعلوم التجارية وعلوم التسيير مكتبة كلية العلوم الإقتصادية والعلوم التجارية وعلوم التسيير 07/05/2026 مكتبة بن عكنون 18216   أ/3747ن5 18216 07/05/2026 07/05/2026 كتب

موارد الويب المفتوحة


© University of Algiers 3 All Rights Reserved
|
Implemented by LECHELAH Riad